| 000 | 01032nam a22002657a 4500 | ||
|---|---|---|---|
| 005 | 20170124102957.0 | ||
| 010 | _aA-653733 | ||
| 020 |
_c65.00 _a8170552753 |
||
| 035 | _aA-653733 | ||
| 037 | _bCen Lib/Ret | ||
| 040 |
_aDPL _bHN |
||
| 082 |
_a821 _bवर्माअ |
||
| 100 |
_aवर्मा, अर्चना _953446 |
||
| 245 |
_aलौटा है विजेता / _cअर्चना वर्मा |
||
| 246 |
_aLouta hai vijeta _bby Archana Verma |
||
| 260 |
_aनई दिल्ली _bवाणी प्रकाशन _c1993 |
||
| 270 |
_a21ए -दरिया गंज _b नई दिल्ली _e110002 |
||
| 300 |
_a102पृष्ठ. _c20सेमी(सजिल्द) |
||
| 650 |
_aहिंदी साहित्य _953447 |
||
| 650 |
_aकाव्य संग्रह _953448 |
||
| 650 |
_aHindi Literature _953449 |
||
| 650 |
_apoetry collection _953450 |
||
| 700 |
_aमायाराम _953319 |
||
| 942 |
_2ddc _cHN _h821 _mवर्माअ |
||
| 999 |
_c113691 _d113691 |
||